Discourse analysis / (رقم التسجيلة. 79601)
[ عرض عادي ]
| 000 -الفاتح | |
|---|---|
| حقل البيانات ثابتة الطول | 01268cam a2200349 a 4500 |
| 001 - رقم الضبط | |
| رقم الضبط | 15850927 |
| 003 - محدد رقم الضبط | |
| رقم الضبط | Ma-Un |
| 005 - وقت وتاريخ اخر تعامل مع التسجيلة | |
| رقم الضبط | 20211229110814.0 |
| 008 - عناصر البيانات ثابتة الطول - معلومات عامة | |
| حقل البيانات ثابتة الطول | 090804s2007 enk b 000 0 eng |
| 010 ## - رقم ضبط مكتبة الكونجرس | |
| رقم ضبط مكتبة الكونجرس | 2009280190 |
| 015 ## - رقم الببليوجرافية الوطنية | |
| رقم الببليوجرافية الوطنية | GBA746702 |
| المصدر | bnb |
| 016 7# - رقم ضبط الوكاله الوطنية للضبط الببليوجرافي | |
| رقم ضبط التسجيلة | 013771454 |
| المصدر | Uk |
| 020 ## - الرقم الدولى المعيارى للكتب | |
| الرقم الدولى المعيارى للكتاب | 9781119257691 |
| 035 ## - رقم ضبط النظام | |
| رقم ضبط النظام | (OCoLC)ocn137313942 |
| 040 ## - مصدر الفهرسة | |
| وكالة الفهرسة الأصلية | ERL |
| وكالة النسخ | ERL |
| وكالة التعديل | YDXCP |
| -- | UKM |
| -- | NLGGC |
| -- | TXH |
| -- | BTCTA |
| -- | UAB |
| -- | BAKER |
| -- | OSU |
| -- | DLC |
| 042 ## - رمز التحقق | |
| رمز التحقق | lccopycat |
| 050 00 - رقم طلب مكتبة الكونجرس | |
| رقم التصنيف | P302 |
| رقم المادة | .W5327 2007 |
| 082 04 - رقم تصنيف ديوى العشرى | |
| رقم التصنيف | 401.41 |
| رقم المادة | JBD |
| رقم الطبعة | 22 |
| 100 1# - المدخل الرئيسى - إسم شخصى | |
| الإسم الشخصى | Johnstone, Barbara. |
| 9 (RLIN) | 89027 |
| 245 10 - بيان العنوان | |
| العنوان | Discourse analysis / |
| بيان المسئوليه,etc | Barbara Johnstone. |
| 250 ## - بيان الطبعة | |
| بيان الطبعة | 3rd ed. |
| 260 ## - PUBLICATION, DISTRIBUTION, ETC. (IMPRINT) | |
| مكان الناشر او الموزع | Hoboken, NJ : |
| اسم الناشر او الموزع | John Wiley & Sons, Inc, |
| تاريخ النشر أو التوزيع | 2018. |
| 300 ## - الوصف المادى | |
| التعداد | xvi, 290 p. ; |
| أبعاد الوعاء | 24 cm. |
| 440 #0 - بيان السلسلة/مدخل إضافى-العنوان | |
| العنوان | Oxford introductions to language study |
| 9 (RLIN) | 46072 |
| 504 ## - تبصرة ببليوجرافية | |
| تبصرة ببليوجرافية,الخ | Includes bibliographical references (p. 117-126). |
| 650 #0 - المدخل الاضافى بالموضوع-مصطلح موضوعى | |
| مصطلح موضوعي أو اسم جغرافي كعنصر مدخل | Discourse analysis. |
| 9 (RLIN) | 89028 |
| 650 #0 - المدخل الاضافى بالموضوع-مصطلح موضوعى | |
| مصطلح موضوعي أو اسم جغرافي كعنصر مدخل | Sociolinguistics. |
| 9 (RLIN) | 89029 |
| 856 42 - الوصول و الموقع الالكترونى | |
| مواد محددة | Publisher description |
| معرف المصدر الموحد | <a href="http://www.loc.gov/catdir/enhancements/fy0916/2009280190-d.html">http://www.loc.gov/catdir/enhancements/fy0916/2009280190-d.html</a> |
| 906 ## - عنصر بيانات محلى F, LDF (RLIN) | |
| a | 7 |
| b | cbc |
| c | copycat |
| d | 2 |
| e | ncip |
| f | 20 |
| g | y-gencatlg |
| 942 ## - عناصر المدخل الإضافي( كوها) | |
| مصدر التصنيف او مخطط الترفيف | Dewey Decimal Classification |
| Koha [default] item type | كتاب |
| حالة الفقد | نموذج السعر الفعال | حالة تلف | ليس للاعارة | رقم الطلب | تاريخ الاكتساب | الموقع الحالي | الباركود | الفرع الرئيسي | Date last seen | نوع المادة فى نظام كوها | مصدر التصنيف او خطة الترفيف | Total Checkouts | Total Renewals | Date last checked out | مُعار |
|---|---|---|---|---|---|---|---|---|---|---|---|---|---|---|---|
| 2021-12-29 | 401.41 JBD | 2021-12-29 | المكتبة المركزية بالمجمعة (CL) | 00168440 | المكتبة المركزية بالمجمعة (CL) | 2021-12-29 | كتاب | Dewey Decimal Classification | |||||||
| 2021-12-29 | 401.41 JBD | 2021-12-29 | المكتبة المركزية بالمجمعة (CL) | 00168441 | المكتبة المركزية بالمجمعة (CL) | 2021-12-29 | كتاب | Dewey Decimal Classification | |||||||
| 2021-12-29 | 401.41 JBD | 2021-12-29 | المكتبة المركزية بالمجمعة (CL) | 00168442 | المكتبة المركزية بالمجمعة (CL) | 2022-09-15 | كتاب | Dewey Decimal Classification | 1 | 1 | 2022-09-15 | 2023-03-14 | |||
| 2021-12-29 | 401.41 JBD | 2021-12-29 | مكتبة كلية التربية بالزلفى - طالبات (EZF) | 00168443 | مكتبة كلية التربية بالزلفى - طالبات (EZF) | 2021-12-29 | كتاب | Dewey Decimal Classification | |||||||
| 2021-12-29 | 401.41 JBD | 2021-12-29 | مكتبة كلية التربية بالزلفى - طالبات (EZF) | 00168444 | مكتبة كلية التربية بالزلفى - طالبات (EZF) | 2021-12-29 | كتاب | Dewey Decimal Classification | |||||||
| 2021-12-29 | 401.41 JBD | 2021-12-29 | مكتبة مجمع الطالبات بالمجمعة (EMF) | 00168445 | مكتبة مجمع الطالبات بالمجمعة (EMF) | 2021-12-29 | كتاب | Dewey Decimal Classification | |||||||
| 2021-12-29 | 401.41 JBD | 2021-12-29 | مكتبة مجمع الطالبات بالمجمعة (EMF) | 00168446 | مكتبة مجمع الطالبات بالمجمعة (EMF) | 2021-12-29 | كتاب | Dewey Decimal Classification |
